Equity, efficiency and social choise

Αποθηκεύτηκε σε:
Λεπτομέρειες βιβλιογραφικής εγγραφής
Κύριος συγγραφέας: Campbell, Donald E. (Donald Edward) 1943-
Μορφή: Βιβλίο
Γλώσσα:English
Δημοσίευση: Oxford : Clarendon, 1992
Θέματα:
Ετικέτες: Προσθήκη ετικέτας
Δεν υπάρχουν, Καταχωρήστε ετικέτα πρώτοι!

MARC

LEADER 00000nam a2200000 i 4500
001 1/61022
008 930908s eng d
020 |a 0-19-828708-9 
035 |a ΛΕΣΒΟΣb10000785  |l 10000785 
040 |a GR-MY-UA  |b gre  |e aacr 
041 0 |a eng 
082 0 |a 302.13 
100 1 |a Campbell, Donald E.  |q (Donald Edward)  |d 1943- 
245 1 0 |a Equity, efficiency and social choise /  |c Donald E. Campbell 
260 |a Oxford :   |b Clarendon,   |c 1992 
300 |a 176 p. 
504 |a Includes index and bibliography: p.177-184 
650 0 0 |a Social choice. 
852 |a INST  |b LESVOS  |e 19930908  |h 302.13 CAM  |p 005100006933  |q 005100006933  |t BK  |y 0 
909 |a Λ  |b 025405